Danish logoes - Statistics

General Stats
  • This quiz has been taken 70 times
    69 since last reset
  • The average score is 6 of 11
Answers on the Grid
Answers color-coded by a green-red scale on the quiz's grid according to % correct below.
faxi kondi
Lays
Carlsberg
Arla
Haribo
Nokia
Mærsk
Lego
Vestas
Coca Cola
Jolly Cola
Marabou
TV2
Subway
Pepsi
Hummel
Snapchat
Nike
Pizza Hut
Dominos Pizza
H&M
Subway Surfers
Apple
Samsung
 
Answer Stats
Answer % Correct
faxi kondi
88%
Carlsberg
76%
Lego
71%
Mærsk
71%
Arla
65%
Subway Surfers
59%
Jolly Cola
53%
TV2
53%
Vestas
53%
Hummel
41%
H&M
12%
No matching quizzes found
Score Distribution
Percent of People with Each Score
Percentile by Number Answered
Your Score History
You have not taken this quiz since the last reset